header

Overcoming loss (Record no. 35023)

MARC details
000 -LEADER
fixed length control field 01326nam a2200337Ia 4500
082 04 - DEWEY DECIMAL CLASSIFICATION NUMBER
Classification number 155.9/3083
100 1# - MAIN ENTRY--AUTHOR NAME
Personal name Sorensen, Julia.
245 10 - TITLE STATEMENT
Title Overcoming loss
260 ## - PUBLICATION, DISTRIBUTION, ETC. (IMPRINT)
Place of publication London ;
-- Philadelphia :
Name of publisher Jessica Kingsley Publishers,
Year of publication 2008.
300 ## - PHYSICAL DESCRIPTION
Number of Pages 140 p. :
Other physical details ill.
650 #0 - SUBJECT ADDED ENTRY--TOPICAL TERM
Topical Term Grief in children.
Topical Term Bereavement in children.
Topical Term Loss (Psychology) in children.
700 1# - ADDED ENTRY--PERSONAL NAME
Personal name Ahmad, Maryam.
856 40 - ELECTRONIC LOCATION AND ACCESS
Uniform Resource Identifier http://site.ebrary.com/lib/rucke/Doc?id=10251532

No items available.

© 2026 Rongo University
Contact us: librarian | system librarian | Rongo university